Pays qui a remporté un trophée - Statistiques

Statistiques générales
  • Ce quiz a été pris 139 fois
  • Le résultat moyen est 4 sur 19
Answers on the Grid
Answers color-coded by a green-red scale on the quiz's grid according to % correct below.
France
Angleterre
Bolivie
Honduras
Croatie
Serbie
Yougoslavie
Equateur
Chine
République Démocratique du Congo
Tahiti
Canada
Zambie
Pologne
Costa Rica
Corée du Sud
Norvège
Roumanie
République tchèque
Hongrie
Danemark
Pays-Bas
Belgique
Maroc
Autriche
Haïti
Turquie
Suède
Irlande
Qatar
 
Statistiques - réponses
Réponse % Correct
France
97%
Angleterre
89%
Pays-Bas
34%
Danemark
33%
Yougoslavie
29%
Maroc
27%
Corée du Sud
18%
Qatar
18%
Zambie
14%
Bolivie
13%
Canada
12%
Belgique
11%
Honduras
11%
Hongrie
11%
République Démocratique du Congo
11%
Costa Rica
5%
Suède
5%
Haïti
1%
Tahiti
0%
Aucun quiz correspondant
Distribution des résultats
% des personnes avec chaque résultat
Percentile par nombre de réponses
Votre historique - résultats
Vous n’avez pas pris ce quiz